|
|
|
|
| LEADER |
00000cam a2200000 7i4500 |
| 001 |
0000003355 |
| 005 |
20240926.0 |
| 008 |
991203 enk eng |
| 020 |
|
|
|a 040625821x (pbk)
|
| 040 |
|
|
|a INS
|b eng
|e rda
|
| 090 |
0 |
0 |
|a KD167
|b B988 1989
|
| 245 |
1 |
0 |
|a Butterworths property law handbook
|c Consulting editor Ernest A. Scamell
|
| 250 |
|
|
|a Second edition
|
| 264 |
|
1 |
|a London :
|b Butterworths
|c 1989
|
| 300 |
|
|
|a viii, 899 pages ;
|c 24 cm.
|
| 336 |
|
|
|a text
|2 rdacontent
|
| 337 |
|
|
|a unmediated
|2 rdamedia
|
| 338 |
|
|
|a volume
|2 rdacarrier
|
| 500 |
|
|
|a Includes index
|
| 650 |
|
0 |
|a Real property
|
| 650 |
|
0 |
|a Real property
|x Law and legislation
|
| 700 |
1 |
|
|a Scamell, Ernest A. ,
|e editor
|
| 999 |
|
|
|a 0000004298
|b BOOK
|c Open Shelf
|e Default branch
|
| 999 |
|
|
|a 0000022384
|b BOOK
|c Open Shelf
|e Default branch
|